000 00382nam a2200121Ia 4500
008 250110s9999 xx 000 0 und d
041 _aeng
100 _aKhatod Namrata
_9182676
245 _aSite Planning And Landscape Development For Winery And Associated Vineyard In Nashik
260 _bM Arch Landscape, Pune
_c2014
300 _a87p
700 _aGuide Name:Sharma Ritu
_9210351
999 _c363543
_d363543